• 首页
  • 本馆介绍
  • 公告通知
  • 最新文献
  • 馆藏检索
  • 电子资源
  • 读者导购
  • 参考咨询
  • 我的图书馆
  • 登录
  • 详细信息显示
  • 放入我的书架
  • 预约/预借图书
  • 作者相关作品
  • 分类相关作品
  • 丛书相关作品
  • 出版社相关作品

书目信息

  • 表格格式
  • 工作单格式
  • 卡片格式
题名:
中国丹砂文化探索
    
 
作者: 何先龙 著
分册:  
出版信息: 长春   吉林大学出版社  2019.10
页数: 264页
开本: 26cm
丛书名:
单 册:
中图分类: P578.2
科图分类:
主题词: 朱砂--文化研究--中国
电子资源:
ISBN: 978-7-5692-6008-3
000 00864nam0 2200229 45
001 012001001241
005 20140913105333.0
010    @a978-7-5692-6008-3@dCNY60.00
100    @a20200702d2019 em y0chiy50 ea
101 0  @achi
102    @aCN@b220000
105    @aab z 000yy
106    @ar
200 1  @a中国丹砂文化探索@Azhong guo dan sha wen hua tan suo@b专著@f何先龙著
210    @a长春@c吉林大学出版社@d2019.10
215    @a264页@c图,地图,照片(28页)@d26cm
330    @a本书内容包括:《中华丹砂水银大事记》《贵州丹砂水银系列遗址突出普遍价值解析》《中国古代宝王信仰与矿业神》《中华丹砂炼丹与炼汞》《中国古代中医药与丹砂水银养生治病》《古代贵州丹砂采冶与土司制度的兴亡》等。
606 0  @a朱砂@x文化研究@y中国
690    @aP578.2@v5
701  0 @a何先龙@Ahe xian long@f(1964~)@4著
801  0 @aCN@bBJSDL@c20211011
905    @b1333598-601@dP578.2@e172@f4
    
    中国丹砂文化探索/何先龙著.-长春:吉林大学出版社,2019.10
    264页:图,地图,照片(28页);26cm
    
    
    ISBN 978-7-5692-6008-3:CNY60.00
    本书内容包括:《中华丹砂水银大事记》《贵州丹砂水银系列遗址突出普遍价值解析》《中国古代宝王信仰与矿业神》《中华丹砂炼丹与炼汞》《中国古代中医药与丹砂水银养生治病》《古代贵州丹砂采冶与土司制度的兴亡》等。
●
相关链接 在E读中查询图书 在五车中查询图书 在当当中查询图书 在豆瓣中查询图书


正题名:中国丹砂文化探索     索取号:P578.2/172         预约/预借

序号 登录号 条形码 馆藏地/架位号 状态 备注
1 1333598   213335988   第二样本阅览室/ [索取号:P578.2/172] 在馆    
2 1333599   213335997   第三借阅区/ [索取号:P578.2/172] 在馆    
3 1333600   213336004   第三借阅区/ [索取号:P578.2/172] 在馆    
4 1333601   213336013   第三借阅区/ [索取号:P578.2/172] 在馆    
唐山师范学院图书馆 欢迎您!
大连网信软件有限公司© 版权所有